Dị ứng - Miễn dịch lâm sàng

Nội dung sách gồm: dị nguyên, hen phế quản, sốc phản vệ, dị ứng thuốc, dị ứng vaccin, viêm da atopy và viêm da dị ứng tiếp xúc, các thuốc kháng histamin, tự kháng nguyên và tự kháng thể trong bệnh tự miễn, Lupus ban đỏ hệ thống,.....

תיאור מלא

שמור ב:
מידע ביבליוגרפי
מחבר ראשי: Phan, Quang Đoàn
פורמט: ספר
שפה:Undetermined
יצא לאור: Hà Nội Giáo dục Việt Nam 2009
נושאים:
תגים: הוספת תג
אין תגיות, היה/י הראשונ/ה לתייג את הרשומה!
Thư viện lưu trữ: Trung tâm Học liệu Trường Đại học Cần Thơ
LEADER 00910nam a2200205Ia 4500
001 CTU_154992
008 210402s9999 xx 000 0 und d
020 |c 52000 
082 |a 616.97 
082 |b Đ406 
100 |a Phan, Quang Đoàn 
245 0 |a Dị ứng - Miễn dịch lâm sàng 
245 0 |c Chủ biên: Phan Quang Đoàn 
260 |a Hà Nội 
260 |b Giáo dục Việt Nam 
260 |c 2009 
520 |a Nội dung sách gồm: dị nguyên, hen phế quản, sốc phản vệ, dị ứng thuốc, dị ứng vaccin, viêm da atopy và viêm da dị ứng tiếp xúc, các thuốc kháng histamin, tự kháng nguyên và tự kháng thể trong bệnh tự miễn, Lupus ban đỏ hệ thống,.. 
650 |a Allergy,Pharmacology 
904 |i Giang 
980 |a Trung tâm Học liệu Trường Đại học Cần Thơ